Science Quiz

Random Science or Animal Quiz

Name as many animals as you can Quiz Stats

 Plays Quiz not verified by Sporcle

Support Sporcle.
Go Orange.
Score 0/30 Timer 03:00
0 Plays Today
Clue Animal % Correct
Makes the noise meow.Cat
98.3%
Golden retriever is a type of _____ Dog
96.4%
You can ride on this animal for a sport.Horse
93.8%
It is hairy and often likes swinging.Monkey
86.2%
We can make bacon from this animalPig
85.5%
This lives in the sea and has scalesFish
85.1%
It makes milkCow
84.5%
Stripy, black and whiteZebra
81.6%
Big and fluffy. Makes wool.Sheep
80.8%
Has tentacles Octopus
80.5%
Has sharp teeth and males have a maneLion
77.9%
The animals baby name is ducklingduck
77.6%
It has tusksElephant
77.4%
Tall and has a long neckGiraffe
76.1%
It can pinch.Crab
73.6%
Clue Animal % Correct
A House pestMouse
72.5%
Billy____ GruffGoat
68.1%
Animal is included in chinese new yearDragon
60.7%
The largest cat speciesTiger
60.2%
It is red and has black dots on itLadybug
59.9%
Related to rabbitsHare
57.3%
This bird has colourful featherspeacock
56.8%
Lives in dark spaces and hates noisesBat
56.7%
There is a cartoon called pink _______Panther
55.4%
They eat nutssquirrel
54.2%
They spray a liquid with a strong odorSkunk
52.3%
It is spikyhedgehog
40.6%
mammals with a leathery armor shellArmadillo
35.8%
Largest species of dolphin killer whale
17.7%
Mammals and are like a dogBear
17.5%

You're not logged in!

Compare scores with friends on all Sporcle quizzes.
OR
Log In

From the Vault

'A' Logos

by Quizmaster91

These logos really brought their 'A' game.
Remove Ads.
Support Sporcle.
Get the best of Sporcle when you Go Orange. This ad-free experience offers more features, more stats, and more fun while also helping to support Sporcle. Thank you for becoming a member.

Show Comments

Extras

Created Sep 23, 2013ReportNominate
Tags:Animal Quiz

Top Quizzes Today


Score Distribution

Your Account Isn't Verified!

In order to create a playlist on Sporcle, you need to verify the email address you used during registration. Go to your Sporcle Settings to finish the process.

Report this User

Report this user for behavior that violates our Community Guidelines.

Details: